|
|
|
|
| LEADER |
01146cam a2200289 7i4500 |
| 001 |
0000073886 |
| 005 |
20221228090000.0 |
| 020 |
|
|
|a 9783030506575 (electronic book)
|
| 090 |
0 |
0 |
|a QC903
|b .S66 2021
|
| 100 |
1 |
|
|a Simmons, Andrew
|
| 245 |
1 |
0 |
|a Impacts of climate change on young people in small island communities
|c Andrew Simmons.
|
| 264 |
|
|
|a Cham, Switzerland:
|b Springer,
|c 2021.
|
| 300 |
|
|
|a 1 online resource (123 pages):
|b illustrations, text file, PDF.
|
| 336 |
|
|
|a text
|2 rdacontent
|
| 337 |
|
|
|a computer
|2 rdamedia
|
| 338 |
|
|
|a online resource
|2 rdacarrier
|
| 490 |
0 |
|
|a Sustainable development goals series
|
| 650 |
|
0 |
|a Cultural geography
|
| 650 |
|
0 |
|a Climatic changes --
|x Social aspects
|
| 650 |
|
0 |
|a Applied sociology
|
| 650 |
|
0 |
|a Development economics
|
| 650 |
|
0 |
|a Climatic changes --
|x Economic aspects
|
| 655 |
|
0 |
|a Electronic books
|
| 856 |
4 |
2 |
|u http://library.unisel.edu.my/web/guest/mylibrary
|
| 997 |
|
|
|a Engineering & Life Sciences, Faculty
|b Science & Biotechnology, Department
|
| 998 |
|
|
|a Environmental Science (Biodiversity & Conservation), Degree
|
| 999 |
|
|
|a EBO0017058
|b EBOOK
|c EBOOK
|e Electronic resources
|